20 dates de l'histoire Française - Statistiques

Statistiques générales
  • Ce quiz a été pris 214 fois
  • Le résultat moyen est 6 sur 20
Statistiques - réponses
Dates Réponses % Correct
1539 Ordonnance de Villers-Cotterêts
81%
1789 Révolution Française
80%
1914-1918 Première guerre mondiale
71%
52 av J-C Bataille d'Alésia
65%
1939-1945 Deuxième guerre mondiale
64%
1643-1715 Règne de Louis XIV
36%
1958 Naissance de la Cinquième république
26%
1598 Edit de Nantes
25%
1981 Abolition de la peine de mort
24%
1968 Mai 68
23%
496 Baptême de Clovis
20%
1572 Massacre de la Saint-Barthélemy
16%
1815 Bataille de Waterloo
14%
1429 Jeanne d'Arc libère Orléans
13%
1799 Coup d'État du 18 Brumaire
11%
1870 Troisième république
11%
1214 Bataille de Bouvines
10%
1848 Proclamation de la deuxième république
9%
843 Traité de Verdun
9%
1066 Conquête de l'Angleterre par Guillaume le Conquérant
4%
Aucun quiz correspondant
Distribution des résultats
% des personnes avec chaque résultat
Percentile par nombre de réponses
Votre historique - résultats
Vous n’avez pas pris ce quiz